| 000 | 00598nam a22001937a 4500 | ||
|---|---|---|---|
| 005 | 20240220173421.0 | ||
| 010 | _aENG-139397 | ||
| 020 |
_a9789391023176 _c450.00 |
||
| 035 | _aEN-122929 | ||
| 037 | _bDBAD/PUB | ||
| 082 |
_a883.08 _21 |
||
| 245 |
_aThe Temple of Treasures: _bAnd Other Incredible of Indian Monuments/ _cBy Viswanathan Anand |
||
| 250 | _a1 | ||
| 260 |
_aGurugram _bHachette India _c2022 |
||
| 270 |
_bGurugram _a4th & 5th Floor, Corporate Centre, Plot no-94,Sector-44 _e122003 |
||
| 300 |
_a263p. _c22cm(pbk) |
||
| 500 | _a | ||
| 942 |
_2ddc _cEN _h883.08 _mTEM |
||
| 999 |
_c200941 _d200941 |
||